[Event "Madrid-ch Previa A"]
[Site "Madrid"]
[Date "2023.02.15"]
[Round "6.4"]
[White "Garcia Galeote, Lorenzo"]
[Black "Alvarez Abejon, Amilcar"]
[Result "1/2-1/2"]
[WhiteElo "1900"]
[BlackElo "1863"]
[PlyCount "38"]
[EventDate "2023.02.06"]
[EventType "swiss"]
[EventRounds "9"]
[EventCountry "ESP"]
[SourceTitle "EXT 2024"]
[Source "ChessBase"]
[SourceDate "2023.10.10"]
[SourceVersion "1"]
[SourceVersionDate "2023.10.10"]
[SourceQuality "1"]

1. d4 d5 2. Nf3 Nf6 3. c4 e6 4. Nc3 Be7 5. cxd5 exd5 6. Bg5 c6 7. e3 Bf5 8. Bd3 Bxd3 9. Qxd3 0-0 10. 0-0 Ne4 11. Bxe7 Qxe7 12. Ne5 Nd6 13. a3 a5 14. Na4 f6 15. Nf3 Nd7 16. Rfc1 Nc4 17. Rc2 f5 18. Nc5 Nxc5 19. dxc5 Ne5 1/2-1/2

[Event "Madrid-ch Previa A"]
[Site "Madrid"]
[Date "2023.02.14"]
[Round "5.7"]
[White "Martin Consuegra, Barrilero Javier"]
[Black "Alvarez Abejon, Amilcar"]
[Result "0-1"]
[WhiteElo "1665"]
[BlackElo "1863"]
[PlyCount "56"]
[EventDate "2023.02.06"]
[EventType "swiss"]
[EventRounds "9"]
[EventCountry "ESP"]
[SourceTitle "EXT 2024"]
[Source "ChessBase"]
[SourceDate "2023.10.10"]
[SourceVersion "1"]
[SourceVersionDate "2023.10.10"]
[SourceQuality "1"]

1. Nf3 d5 2. g3 g6 3. Bg2 Bg7 4. c4 dxc4 5. Qa4+ c6 6. Qxc4 e5 7. d3 Ne7 8. 0-0 0-0 9. Bg5 h6 10. Bd2 Nf5 11. Qc1 Kh7 12. Nc3 Na6 13. Ne4 Nd4 14. Re1 Qe7 15. e3 Nxf3+ 16. Bxf3 f5 17. Nc3 Nc5 18. Be2 Be6 19. b4 Nd7 20. Rb1 Nf6 21. f4 exf4 22. exf4 Nd5 23. Nxd5 Bxd5 24. Bf3 Qd7 25. Bxd5 Qxd5 26. Rb3 Rae8 27. Rxe8 Rxe8 28. Be3 Rxe3 0-1

[Event "Madrid-ch Previa A"]
[Site "Madrid"]
[Date "2023.02.07"]
[Round "2.9"]
[White "Galarreta Santana, Javier"]
[Black "Alvarez Abejon, Amilcar"]
[Result "0-1"]
[WhiteElo "1739"]
[BlackElo "1863"]
[PlyCount "96"]
[EventDate "2023.02.06"]
[EventType "swiss"]
[EventRounds "9"]
[EventCountry "ESP"]
[SourceTitle "EXT 2024"]
[Source "ChessBase"]
[SourceDate "2023.10.10"]
[SourceVersion "1"]
[SourceVersionDate "2023.10.10"]
[SourceQuality "1"]

1. b3 e5 2. Bb2 d6 3. e3 f5 4. f4 e4 5. c4 Nf6 6. Nc3 g6 7. h4 Bg7 8. Be2 h5 9. Nh3 0-0 10. Ng5 a5 11. Qc2 Na6 12. Rd1 Qe7 13. 0-0 Bd7 14. Rfe1 a4 15. bxa4 Nc5 16. Rb1 Nxa4 17. Ba1 Nc5 18. d4 exd3 19. Bxd3 Rae8 20. Nd5 Nxd5 21. cxd5 Bxa1 22. Rxa1 Qf6 23. Kf2 Ba4 24. Qd2 Qb2 25. Qxb2 Nxd3+ 26. Ke2 Nxb2 27. Rab1 Nc4 28. Kd3 Nb6 29. Ne6 Rf7 30. Kd4 Rfe7 31. Nxc7 Rxc7 32. Rxb6 Bc2 33. e4 Rxe4+ 34. Rxe4 fxe4 35. Rxd6 Re7 36. Ke3 Kf7 37. Rb6 Rd7 38. Rb2 Bd3 39. Kd4 b5 40. g3 Kf6 41. Rd2 Kf5 42. Kc5 Rc7+ 43. Kd6 Rc2 44. Rd1 Rxa2 45. Kc7 b4 46. d6 b3 47. Kb7 Ke6 48. f5+ gxf5 0-1

[Event "Madrid-ch Previa-A"]
[Site "Madrid"]
[Date "2020.02.11"]
[Round "5"]
[White "Alvarez Abejon, Amilcar"]
[Black "Camarero Izquierdo, Juan Carlos"]
[Result "1-0"]
[WhiteElo "1947"]
[BlackElo "1828"]
[PlyCount "85"]
[EventDate "2020.02.03"]
[EventType "swiss"]
[EventRounds "9"]
[EventCountry "ESP"]
[SourceTitle "EXT 2021"]
[Source "ChessBase"]
[SourceDate "2020.10.23"]
[SourceVersion "1"]
[SourceVersionDate "2020.10.23"]
[SourceQuality "1"]

1. d4 f5 2. Nf3 e6 3. Bf4 Nf6 4. e3 d5 5. Bd3 Bd6 6. c4 c6 7. 0-0 0-0 8. Nbd2 Ne4 9. Bxd6 Qxd6 10. c5 Qe7 11. Ne5 Nxd2 12. Qxd2 Nd7 13. f4 Rf6 14. b4 Rh6 15. a4 g5 16. b5 gxf4 17. exf4 Nxe5 18. fxe5 Qh4 19. Qf4 Bd7 20. Ra2 Kh8 21. Raf2 Qh5 22. Be2 Qg6 23. Rf3 Qg7 24. Rg3 Rg6 25. Rff3 Rg8 26. Rxg6 Qxg6 27. Rg3 Qe8 28. Rxg8+ Qxg8 29. Qh4 Qf8 30. Qg5 b6 31. cxb6 axb6 32. h4 c5 33. dxc5 Qxc5+ 34. Kh2 Qf8 35. Kg3 Be8 36. Bf3 Bg6 37. Qf6+ Qxf6 38. exf6 e5 39. Bxd5 f4+ 40. Kf2 Bc2 41. a5 bxa5 42. b6 e4 43. b7 1-0

[Event "Madrid-ch Previa-A"]
[Site "Madrid"]
[Date "2020.02.05"]
[Round "3"]
[White "Alvarez Abejon, Amilcar"]
[Black "Corral Aragon, Juan Maria"]
[Result "1-0"]
[WhiteElo "1947"]
[BlackElo "1766"]
[PlyCount "95"]
[EventDate "2020.02.03"]
[EventType "swiss"]
[EventRounds "9"]
[EventCountry "ESP"]
[SourceTitle "EXT 2021"]
[Source "ChessBase"]
[SourceDate "2020.10.23"]
[SourceVersion "1"]
[SourceVersionDate "2020.10.23"]
[SourceQuality "1"]

1. d4 d5 2. Bf4 c6 3. e3 Qb6 4. Qc1 Bf5 5. c4 e6 6. Nc3 Bb4 7. c5 Qa5 8. Nge2 Nf6 9. a3 Bxc3+ 10. Qxc3 Qxc3+ 11. Nxc3 b6 12. Na4 b5 13. Nc3 a5 14. f3 0-0 15. a4 b4 16. Na2 Nbd7 17. Nc1 Rfe8 18. Bd6 e5 19. Kd2 e4 20. f4 Rec8 21. Nb3 Ne8 22. Rc1 f6 23. Be2 Nxd6 24. cxd6 Be6 25. Rc2 c5 26. Nxc5 Nxc5 27. dxc5 b3 28. Rc3 Rab8 29. Bb5 Rd8 30. Rhc1 Kf7 31. c6 Rxd6 32. c7 Rc8 33. Rc6 Ke7 34. Ba6 Bd7 35. Rxd6 Kxd6 36. Bxc8 Bxc8 37. Rc3 h5 38. h4 g6 39. g3 f5 40. Rc1 d4 41. exd4 Kd7 42. Ke3 Ba6 43. Rc5 Bc8 44. Rxa5 Kxc7 45. Rb5 Bd7 46. Rxb3 Bxa4 47. Rc3+ Kd6 48. Rc8 1-0

[Event "Madrid-ch Previa-A"]
[Site "Madrid"]
[Date "2020.02.04"]
[Round "2"]
[White "Roldan Garcia, Angel"]
[Black "Alvarez Abejon, Amilcar"]
[Result "1/2-1/2"]
[WhiteElo "1809"]
[BlackElo "1947"]
[PlyCount "36"]
[EventDate "2020.02.03"]
[EventType "swiss"]
[EventRounds "9"]
[EventCountry "ESP"]
[SourceTitle "EXT 2021"]
[Source "ChessBase"]
[SourceDate "2020.10.23"]
[SourceVersion "1"]
[SourceVersionDate "2020.10.23"]
[SourceQuality "1"]

1. e4 e6 2. d4 d5 3. Nd2 c5 4. Ngf3 cxd4 5. Nxd4 Nc6 6. Nxc6 bxc6 7. c4 Nf6 8. cxd5 cxd5 9. Bb5+ Bd7 10. Qa4 dxe4 11. Nxe4 Nxe4 12. Bxd7+ Qxd7 13. Qxe4 Rb8 14. 0-0 Be7 15. Be3 0-0 16. Rfd1 Qb7 17. Qxb7 Rxb7 18. b3 Ba3 1/2-1/2

[Event "Tres Cantos op 11th"]
[Site "Tres Cantos"]
[Date "2019.06.30"]
[Round "9"]
[White "Alvarez Abejon, Amilcar"]
[Black "Elguezabal Selioutin, Dario"]
[Result "1-0"]
[WhiteElo "1917"]
[BlackElo "2047"]
[PlyCount "89"]
[EventDate "2019.06.22"]
[EventType "swiss"]
[EventRounds "9"]
[EventCountry "ESP"]
[SourceTitle "CBM 195 Extra"]
[Source "ChessBase"]
[SourceDate "2020.05.31"]
[SourceVersion "1"]
[SourceVersionDate "2020.05.31"]
[SourceQuality "1"]

1. d4 d5 2. Bf4 Nf6 3. e3 c5 4. c3 Nc6 5. Nd2 Bf5 6. Qb3 Qb6 7. dxc5 Qxb3 8. axb3 e5 9. Bg3 Bxc5 10. b4 Bd6 11. b5 Ne7 12. Ngf3 Ng6 13. Nd4 Bd7 14. Bd3 0-0 15. 0-0 Rfe8 16. Nf5 Bc5 17. Nb3 Bf8 18. Nh4 Nh8 19. Be2 e4 20. Nd4 g6 21. Bc7 Bc5 22. g3 Rac8 23. Ba5 g5 24. Ng2 Ng6 25. Rfd1 Kg7 26. Ne1 Ne5 27. Kg2 h5 28. h3 Kh6 29. Nec2 Bd6 30. Bb4 Bb8 31. Nb3 Re6 32. Ncd4 Ree8 33. Nc5 b6 34. Nxd7 Nfxd7 35. Nf5+ Kh7 36. Ne7 Rxe7 37. Bxe7 Kg6 38. Rxd5 Nc5 39. Bxc5 Rxc5 40. Rxc5 bxc5 41. f4 gxf4 42. gxf4 Nd7 43. Rd1 Nb6 44. Rd8 Bc7 45. Rh8 1-0

[Event "Tres Cantos op 11th"]
[Site "Tres Cantos"]
[Date "2019.06.25"]
[Round "4"]
[White "Campos Calvo, Sotelo Javier"]
[Black "Alvarez Abejon, Amilcar"]
[Result "0-1"]
[WhiteElo "2040"]
[BlackElo "1917"]
[PlyCount "86"]
[EventDate "2019.06.22"]
[EventType "swiss"]
[EventRounds "9"]
[EventCountry "ESP"]
[SourceTitle "CBM 195 Extra"]
[Source "ChessBase"]
[SourceDate "2020.05.31"]
[SourceVersion "1"]
[SourceVersionDate "2020.05.31"]
[SourceQuality "1"]

1. d4 e6 2. g3 f5 3. Bg2 Nf6 4. Nf3 d5 5. 0-0 Bd6 6. b3 Qe7 7. c4 c6 8. Bb2 0-0 9. Nbd2 b6 10. Ne5 Bb7 11. Rc1 Nbd7 12. Ndf3 Rac8 13. e3 c5 14. Nxd7 Nxd7 15. Ne5 Bxe5 16. dxe5 Ba6 17. cxd5 Bxf1 18. Kxf1 exd5 19. Qxd5+ Kh8 20. e6 Nb8 21. Bh3 Rcd8 22. Qc4 Rd6 23. Qf4 Qxe6 24. g4 Rfd8 25. gxf5 Qd5 26. e4 Qd2 27. Qxd2 Rxd2 28. Bc3 R2d3 29. Bg4 Re8 30. f3 Nc6 31. Ke2 Rdd8 32. Bh5 Rf8 33. Ke3 Nd4 34. Rg1 Kg8 35. Rg2 Rf6 36. Bg4 Re8 37. Kf4 Rh6 38. h3 Rc6 39. e5 Kf7 40. Bh5+ g6 41. e6+ Ke7 42. fxg6 hxg6 43. Bxg6 Nxe6+ 0-1

[Event "Madrid-ch Previa-A"]
[Site "Madrid"]
[Date "2019.02.04"]
[Round "1"]
[White "Alvarez Abejon, Amilcar"]
[Black "Lizon Martinez, Santiago"]
[Result "1/2-1/2"]
[WhiteElo "1919"]
[BlackElo "1663"]
[PlyCount "67"]
[EventDate "2019.02.04"]
[EventType "swiss"]
[EventRounds "9"]
[EventCountry "ESP"]
[SourceTitle "EXT 2021"]
[Source "ChessBase"]
[SourceDate "2020.10.23"]
[SourceVersion "1"]
[SourceVersionDate "2020.10.23"]
[SourceQuality "1"]

1. d4 Nf6 2. Bf4 e6 3. e3 b6 4. Nf3 Bb7 5. Nbd2 d6 6. h3 Nbd7 7. Bd3 Be7 8. 0-0 0-0 9. Qe2 c5 10. c3 Qc7 11. Bh2 Rfe8 12. e4 e5 13. d5 a6 14. a4 Rec8 15. Rfe1 Bf8 16. Nh4 g6 17. f4 Bh6 18. fxe5 Nxe5 19. Bxe5 dxe5 20. Rf1 Nh5 21. Nf5 Bf4 22. d6 Qd8 23. Bc4 b5 24. axb5 axb5 25. Bd5 Bxd5 26. exd5 Rxa1 27. Rxa1 gxf5 28. Qxh5 Bxd2 29. Qxf5 Ra8 30. Rxa8 Qxa8 31. Qxe5 Qa1+ 32. Kh2 Qc1 33. Qe8+ Kg7 34. Qe5+ 1/2-1/2

[Event "Tres Cantos op 10th"]
[Site "Tres Cantos"]
[Date "2018.06.28"]
[Round "8.27"]
[White "Alvarez Abejon, Amilcar"]
[Black "Moreno Uribarri, Miguel"]
[Result "1-0"]
[WhiteElo "1955"]
[BlackElo "1609"]
[PlyCount "125"]
[EventDate "2018.06.21"]
[EventType "swiss"]
[EventRounds "9"]
[EventCountry "ESP"]
[SourceTitle "EXT 2024"]
[Source "ChessBase"]
[SourceDate "2023.10.10"]
[SourceVersion "1"]
[SourceVersionDate "2023.10.10"]
[SourceQuality "1"]

1. e4 c5 2. Nc3 Nc6 3. f4 d6 4. Bb5 Bd7 5. Nf3 g6 6. 0-0 Bg7 7. d3 Nf6 8. Qe1 0-0 9. Bc4 Na5 10. Bb3 Nxb3 11. axb3 b5 12. Qh4 b4 13. Nd1 Bg4 14. f5 Bxf3 15. Rxf3 Nh5 16. Bg5 Bf6 17. Bxf6 Nxf6 18. Ne3 e6 19. Raf1 Kg7 20. g4 h5 21. Qg5 hxg4 22. Nxg4 Nxg4 23. Qxg4 exf5 24. exf5 Qf6 25. Rg3 Qd4+ 26. Qxd4+ cxd4 27. f6+ Kh6 28. Rf4 Kh5 29. Rfg4 Rfe8 30. Kg2 Re3 31. Rxd4 Rxg3+ 32. hxg3 Kg5 33. Rxb4 Kxf6 34. Ra4 Rc8 35. c3 Rb8 36. b4 Rb7 37. Kf3 Ke6 38. Ke4 f5+ 39. Kd4 g5 40. c4 f4 41. gxf4 gxf4 42. Ke4 Rf7 43. Kf3 Ke5 44. Ra5+ Ke6 45. d4 Rb7 46. b5 Rf7 47. b3 d5 48. c5 Kf5 49. b6 axb6 50. cxb6 Ke6 51. Rb5 Rb7 52. Kxf4 Rb8 53. b7 Kd6 54. Ke3 Kc6 55. Rb4 Kd6 56. Kd3 Kc6 57. Kc3 Kd6 58. Rb5 Ke6 59. Kb4 Kd6 60. Ka5 Kc6 61. Ka6 Kc7 62. Rc5+ Kd6 63. Ka7 1-0

[Event "Madrid-ch sf"]
[Site "Madrid"]
[Date "2018.05.11"]
[Round "7"]
[White "Garcia Dorado, Alberto"]
[Black "Alvarez Abejon, Amilcar"]
[Result "1-0"]
[WhiteElo "2129"]
[BlackElo "1951"]
[PlyCount "69"]
[EventDate "2018.05.05"]
[EventType "swiss"]
[EventRounds "9"]
[EventCountry "ESP"]
[SourceTitle "CBM 184 Extra"]
[Source "ChessBase"]
[SourceDate "2018.06.28"]
[SourceVersion "1"]
[SourceVersionDate "2018.06.28"]
[SourceQuality "1"]

1. d4 e6 2. e4 d5 3. Bd3 c5 4. exd5 exd5 5. Nf3 Nf6 6. 0-0 Be7 7. dxc5 0-0 8. Nbd2 Bxc5 9. Nb3 Bd6 10. Bg5 Bg4 11. h3 Bh5 12. g4 Bg6 13. Bxg6 hxg6 14. Kg2 Nc6 15. c3 Bc7 16. Nbd4 a6 17. Re1 Qd6 18. Bxf6 gxf6 19. Qd2 Kg7 20. Ne2 Rad8 21. Rad1 Ne5 22. Ng3 Rfe8 23. Nd4 Kg8 24. Qh6 Qf8 25. Qxf8+ Kxf8 26. Nf1 Nc4 27. Rxe8+ Kxe8 28. b3 Nd6 29. Ne3 Ne4 30. Ne2 Nxc3 31. Nxc3 d4 32. Ncd5 Be5 33. f4 dxe3 34. fxe5 e2 35. Nxf6+ 1-0

[Event "Madrid-ch sf"]
[Site "Madrid"]
[Date "2018.05.09"]
[Round "5"]
[White "De Luna Butz, Alberto"]
[Black "Alvarez Abejon, Amilcar"]
[Result "0-1"]
[WhiteElo "1815"]
[BlackElo "1951"]
[PlyCount "74"]
[EventDate "2018.05.05"]
[EventType "swiss"]
[EventRounds "9"]
[EventCountry "ESP"]
[SourceTitle "CBM 184 Extra"]
[Source "ChessBase"]
[SourceDate "2018.06.28"]
[SourceVersion "1"]
[SourceVersionDate "2018.06.28"]
[SourceQuality "1"]

1. Nf3 f5 2. d3 d6 3. e4 e5 4. exf5 Bxf5 5. Nc3 Nf6 6. Bg5 Be7 7. Qd2 0-0 8. 0-0-0 Nc6 9. h3 d5 10. g4 Be6 11. Bg2 Bb4 12. d4 e4 13. Ne5 Qe8 14. Qe3 Bd6 15. f4 exf3 16. Nxf3 h6 17. Rde1 Bf7 18. Bf4 Qxe3+ 19. Bxe3 Rae8 20. Bf2 Nd8 21. Rxe8 Rxe8 22. Re1 Rxe1+ 23. Bxe1 c6 24. Ne5 Bxe5 25. dxe5 Nd7 26. Bg3 Ne6 27. Ne2 Kf8 28. c3 Bg6 29. Nd4 Ndc5 30. b4 Nd3+ 31. Kd2 Nxd4 32. cxd4 Nxb4 33. a3 Nc2 34. e6 Nxd4 35. Bd6+ Ke8 36. e7 Kd7 37. Be5 Ne6 0-1

[Event "Madrid-ch sf"]
[Site "Madrid"]
[Date "2018.05.08"]
[Round "4"]
[White "Anton Quevedo, Andrea"]
[Black "Alvarez Abejon, Amilcar"]
[Result "0-1"]
[WhiteElo "1943"]
[BlackElo "1951"]
[PlyCount "102"]
[EventDate "2018.05.05"]
[EventType "swiss"]
[EventRounds "9"]
[EventCountry "ESP"]
[SourceTitle "CBM 184 Extra"]
[Source "ChessBase"]
[SourceDate "2018.06.28"]
[SourceVersion "1"]
[SourceVersionDate "2018.06.28"]
[SourceQuality "1"]

1. e4 e6 2. d4 d5 3. Bd3 c5 4. exd5 exd5 5. Nf3 Bd6 6. 0-0 Ne7 7. Nc3 cxd4 8. Nxd4 Nbc6 9. Be3 0-0 10. Nxc6 bxc6 11. Qf3 Ng6 12. Qh5 Re8 13. Bg5 Qb6 14. Rfe1 Bd7 15. Bd2 Qxb2 16. Rab1 Qa3 17. Rb3 Rxe1+ 18. Bxe1 Qc1 19. Rb1 Qf4 20. g3 Qe5 21. Qf3 Rc8 22. Bd2 Bh3 23. Ne2 Nh4 24. Qe3 Qxe3 25. Bxe3 Nf3+ 26. Kh1 c5 27. Bf4 Bf8 28. Bb5 Rd8 29. Bc6 g5 30. Rb8 Rxb8 31. Bxb8 Be6 32. Bxa7 Ne5 33. Bb7 d4 34. f4 gxf4 35. Nxf4 Bxa2 36. Kg2 Bb1 37. Be4 Nc4 38. Nd5 Na3 39. Nf6+ Kg7 40. Nd7 Bxc2 41. Bxc2 Nxc2 42. Nxf8 Kxf8 43. Bxc5+ Ke8 44. Kf2 Kd7 45. Ke2 Kc6 46. Bf8 Kd5 47. h4 Ke4 48. h5 Ne3 49. Bd6 d3+ 50. Ke1 d2+ 51. Kxd2 Nc4+ 0-1

[Event "Madrid-ch Previa-A"]
[Site "Madrid"]
[Date "2018.02.12"]
[Round "4"]
[White "Esteban Amo, Jose M"]
[Black "Alvarez Abejon, Amilcar"]
[Result "1/2-1/2"]
[WhiteElo "1847"]
[BlackElo "1958"]
[PlyCount "71"]
[EventDate "2018.02.05"]
[EventType "swiss"]
[EventRounds "9"]
[EventCountry "ESP"]
[SourceTitle "EXT 2020"]
[Source "ChessBase"]
[SourceDate "2019.10.17"]
[SourceVersion "1"]
[SourceVersionDate "2019.10.17"]
[SourceQuality "1"]

1. e4 e6 2. d4 d5 3. Nd2 c5 4. Ngf3 a6 5. dxc5 Bxc5 6. Nb3 Ba7 7. exd5 exd5 8. Bd3 Nf6 9. 0-0 0-0 10. Bg5 Bg4 11. Re1 Nc6 12. c3 Qd6 13. Bh4 Rfe8 14. Bg3 Qd7 15. Be2 Rac8 16. Nbd4 Bxd4 17. Nxd4 Nxd4 18. cxd4 Bxe2 19. Rxe2 Rxe2 20. Qxe2 Qa4 21. b3 Qxd4 22. Be5 Qe4 23. Qxe4 Nxe4 24. f3 Ng5 25. Bf4 Ne6 26. Rc1 Rxc1+ 27. Bxc1 f5 28. Kf2 Kf7 29. Ke2 Ke7 30. Kd3 Kd6 31. g3 b5 32. Ba3+ Kc6 33. Bb4 d4 34. Be7 Kd5 35. b4 g6 36. Bf6 1/2-1/2

[Event "Madrid-ch Previa-A"]
[Site "Madrid"]
[Date "2018.02.05"]
[Round "1"]
[White "Alvarez Abejon, Amilcar"]
[Black "Martinez Pintor, Juan"]
[Result "1-0"]
[WhiteElo "1958"]
[BlackElo "1670"]
[PlyCount "29"]
[EventDate "2018.02.05"]
[EventType "swiss"]
[EventRounds "9"]
[EventCountry "ESP"]
[SourceTitle "EXT 2020"]
[Source "ChessBase"]
[SourceDate "2019.10.17"]
[SourceVersion "1"]
[SourceVersionDate "2019.10.17"]
[SourceQuality "1"]

1. e4 e6 2. d4 d5 3. Nd2 Be7 4. Bd3 c5 5. exd5 exd5 6. Ngf3 c4 7. Be2 b5 8. a4 b4 9. Ne5 Nf6 10. Bf3 c3 11. bxc3 bxc3 12. Nb1 Qa5 13. 0-0 Bd7 14. Re1 Be6 15. Ba3 1-0

[Event "Madrid-ch Seniors 50"]
[Site "Madrid"]
[Date "2017.01.17"]
[Round "7"]
[White "Alvarez Abejon, Amilcar"]
[Black "Lopez Heras, Arturo"]
[Result "0-1"]
[WhiteElo "1979"]
[BlackElo "1837"]
[PlyCount "52"]
[EventDate "2017.01.09"]
[EventType "swiss"]
[EventRounds "9"]
[EventCountry "ESP"]
[SourceTitle "CBM 176 Extra"]
[Source "ChessBase"]
[SourceDate "2017.03.02"]
[SourceVersion "1"]
[SourceVersionDate "2017.03.02"]
[SourceQuality "1"]

1. d4 Nf6 2. Nf3 g6 3. c4 Bg7 4. Nc3 0-0 5. e4 d6 6. Be2 e5 7. 0-0 Nc6 8. d5 Ne7 9. Ne1 Ne8 10. Be3 f5 11. f3 f4 12. Bf2 Nf6 13. c5 g5 14. cxd6 cxd6 15. Rc1 Ng6 16. Nb5 Rf7 17. Qc2 Ne8 18. Nxa7 Bd7 19. b4 h5 20. Bb5 g4 21. Qa4 g3 22. hxg3 fxg3 23. Bxg3 Bxb5 24. Qxb5 Rxa7 25. a4 Ra8 26. a5 Qg5 0-1

[Event "Madrid-ch Seniors 50"]
[Site "Madrid"]
[Date "2017.01.13"]
[Round "5"]
[White "Alvarez Abejon, Amilcar"]
[Black "Losada Gonzalez, Andres"]
[Result "1/2-1/2"]
[WhiteElo "1979"]
[BlackElo "1772"]
[PlyCount "56"]
[EventDate "2017.01.09"]
[EventType "swiss"]
[EventRounds "9"]
[EventCountry "ESP"]
[SourceTitle "CBM 176 Extra"]
[Source "ChessBase"]
[SourceDate "2017.03.02"]
[SourceVersion "1"]
[SourceVersionDate "2017.03.02"]
[SourceQuality "1"]

1. d4 f5 2. Nf3 Nf6 3. g3 e6 4. Bg2 d5 5. c4 c6 6. 0-0 Bd6 7. b3 0-0 8. Ba3 Bxa3 9. Nxa3 Ne4 10. Nc2 Rf6 11. Nb4 Rh6 12. Nd3 Nd7 13. Rc1 Qe8 14. e3 g5 15. Nfe5 Nf8 16. Rc2 Bd7 17. Qe2 g4 18. f3 gxf3 19. Bxf3 Qe7 20. Bxe4 dxe4 21. Nf4 Ng6 22. Nfxg6 hxg6 23. Qf2 Kg7 24. Qe1 Rah8 25. Qa5 Qg5 26. Qe1 Qe7 27. Qa5 Qg5 28. Qe1 Qe7 1/2-1/2

[Event "San Sebastian de los Reyes op 18th"]
[Site "San Sebastian"]
[Date "2016.12.08"]
[Round "6"]
[White "Alvarez Abejon, Amilcar"]
[Black "Morata Palacios, Francisco"]
[Result "1-0"]
[WhiteElo "1993"]
[BlackElo "1757"]
[PlyCount "91"]
[EventDate "2016.12.03"]
[EventType "swiss"]
[EventRounds "9"]
[EventCountry "ESP"]
[SourceTitle "CBM 176 Extra"]
[Source "ChessBase"]
[SourceDate "2017.03.02"]
[SourceVersion "1"]
[SourceVersionDate "2017.03.02"]
[SourceQuality "1"]

1. e4 e6 2. d4 d5 3. Nc3 Bb4 4. e5 c5 5. a3 Bxc3+ 6. bxc3 Qc7 7. Qg4 Ne7 8. Qxg7 Rg8 9. Qxh7 cxd4 10. Ne2 Nbc6 11. f4 Bd7 12. h4 dxc3 13. h5 0-0-0 14. Qd3 d4 15. h6 Rg6 16. h7 Rh8 17. g3 Nf5 18. Bg2 f6 19. exf6 Qd8 20. Rb1 a6 21. f7 Qf6 22. Bf3 Rg7 23. g4 Nd6 24. g5 Qxf7 25. Nxd4 Rgxh7 26. Rg1 Rh3 27. Qd1 Nxd4 28. Qxd4 Nb5 29. Qc5+ Bc6 30. Bxc6 bxc6 31. Qxc6+ Nc7 32. Rb7 Qh7 33. Ra7 Qh4+ 34. Kf1 Rf3+ 35. Qxf3 Nd5 36. Qd3 Nc7 37. Qxc3 Rh7 38. g6 Rd7 39. Bd2 Qh5 40. Ke1 Qh4+ 41. Kd1 Qh5+ 42. Kc1 Qh2 43. Be3 Kb8 44. g7 Kc8 45. g8Q+ Rd8 46. Qxc7# 1-0

[Event "Madrid-ch sf-A"]
[Site "Madrid"]
[Date "2016.03.30"]
[Round "9"]
[White "Marcos Herrero, Francisco"]
[Black "Alvarez Abejon, Amilcar"]
[Result "0-1"]
[WhiteElo "1963"]
[BlackElo "2016"]
[PlyCount "84"]
[EventDate "2016.03.07"]
[EventType "swiss"]
[EventRounds "9"]
[EventCountry "ESP"]
[SourceTitle "EXT 2017"]
[Source "ChessBase"]
[SourceDate "2016.10.25"]
[SourceVersion "1"]
[SourceVersionDate "2016.10.25"]
[SourceQuality "1"]

1. d4 d5 2. c4 e6 3. Nf3 c5 4. cxd5 exd5 5. g3 Nf6 6. Bg2 Nc6 7. Nc3 Be7 8. 0-0 0-0 9. Bg5 c4 10. Ne5 Be6 11. Nxc6 bxc6 12. b3 Qa5 13. Qd2 Rfd8 14. Nxd5 Qxd2 15. Nxe7+ Kf8 16. Bxd2 Kxe7 17. Bxc6 Rab8 18. bxc4 Rxd4 19. Bf4 Rc8 20. Bf3 Rdxc4 21. Rfd1 Ne4 22. a3 f5 23. h4 h6 24. Rdc1 Nc3 25. Kf1 Kf6 26. h5 Bf7 27. Rc2 Nd5 28. Rxc4 Rxc4 29. Rc1 Nxf4 30. Rxc4 Bxc4 31. gxf4 Bf7 32. e3 Ke6 33. Ke2 Kd6 34. Kd3 Kc5 35. Kc3 Be8 36. Be2 Bf7 37. Bd3 Bxh5 38. Bxf5 Bf3 39. e4 h5 40. e5 Bg2 41. Be6 h4 42. f5 Bd5 0-1

[Event "Madrid-ch sf-A"]
[Site "Madrid"]
[Date "2016.03.08"]
[Round "2"]
[White "Yague Sanchez, Sergio Roberto"]
[Black "Alvarez Abejon, Amilcar"]
[Result "1/2-1/2"]
[WhiteElo "1893"]
[BlackElo "2016"]
[PlyCount "44"]
[EventDate "2016.03.07"]
[EventType "swiss"]
[EventRounds "9"]
[EventCountry "ESP"]
[SourceTitle "EXT 2017"]
[Source "ChessBase"]
[SourceDate "2016.10.25"]
[SourceVersion "1"]
[SourceVersionDate "2016.10.25"]
[SourceQuality "1"]

1. d4 d5 2. c4 c6 3. cxd5 cxd5 4. Nc3 Nf6 5. Nf3 Nc6 6. Bf4 Bf5 7. e3 e6 8. Bd3 Bxd3 9. Qxd3 a6 10. a3 Qb6 11. 0-0 Rc8 12. h3 Be7 13. b4 0-0 14. Na4 Qa7 15. Nc5 a5 16. Qb5 b6 17. Nd3 Ne4 18. Nde5 Nxe5 19. Nxe5 Nd6 20. Qa4 Nc4 21. Nc6 Qd7 22. b5 Bd6 1/2-1/2

[Event "San Sebastian de los Reyes op 17th"]
[Site "San Sebastian"]
[Date "2015.12.06"]
[Round "7"]
[White "Hernandez Ramos, David"]
[Black "Alvarez Abejon, Amilcar"]
[Result "1-0"]
[WhiteElo "1886"]
[BlackElo "2055"]
[PlyCount "93"]
[EventDate "2015.11.30"]
[EventType "swiss"]
[EventRounds "9"]
[EventCountry "ESP"]
[SourceTitle "CBM 170 Extra"]
[Source "ChessBase"]
[SourceDate "2016.02.25"]
[SourceVersion "1"]
[SourceVersionDate "2016.02.25"]
[SourceQuality "1"]

1. d4 e6 2. c4 f5 3. Nf3 Nf6 4. Nc3 c6 5. g3 d5 6. cxd5 exd5 7. Bf4 Bd6 8. Bxd6 Qxd6 9. Bg2 0-0 10. 0-0 f4 11. Qd2 fxg3 12. hxg3 Bf5 13. a3 Nbd7 14. b4 Ne4 15. Nxe4 Bxe4 16. Rac1 Nf6 17. Ne5 Bxg2 18. Kxg2 Ne4 19. Qe3 Qe7 20. f3 Nd6 21. Qd2 Rae8 22. Rh1 Nf5 23. Qd3 g6 24. f4 Nd6 25. Rh3 Ne4 26. Rch1 Rf6 27. b5 c5 28. Rxh7 Qxh7 29. Rxh7 Kxh7 30. dxc5 Nxc5 31. Qxd5 b6 32. e4 Rfe6 33. Kf3 Kg7 34. Qd4 Kh7 35. a4 R8e7 36. Qd8 Kg7 37. a5 Kh7 38. axb6 axb6 39. Kg2 Kg7 40. Kh3 Kh7 41. Nc6 Rd7 42. Qxb6 Nxe4 43. Qa5 Rd3 44. Qc7+ Kh6 45. Qc8 Rxg3+ 46. Kh4 g5+ 47. fxg5+ 1-0